| 000 | 00714nam a2200229 i 4500 | ||
|---|---|---|---|
| 001 | 34607 | ||
| 003 | ES-MaACL | ||
| 005 | 20250929063104.0 | ||
| 007 | t| | ||
| 008 | 030207s1980 sp ||||1| spa d | ||
| 100 | 1 |
_aBoileau, Pierre, _d1906-1989 _929845 |
|
| 245 | 1 | 3 |
_aEl polvorín / _cArsène Lupin [seud. colect. de Boileau y Narcejac ; [traducción por Josep Elias]. |
| 250 | _a[1ª ed.]. | ||
| 260 |
_aBarcelona : _bPlaneta, _c[1980] |
||
| 300 |
_a194 p. ; _c18 cm. |
||
| 490 | 1 |
_aFábula ; _v64 |
|
| 700 | 1 |
_aNarcejac, Thomas ( _d1908-1998) _984937 |
|
| 700 | 1 |
_aElías, Josep. _946965 |
|
| 830 | 0 |
_aFábula ; _v64 _9179737 |
|
| 852 |
_aES-MaACL _jL-6476 _bR.107131 |
||
| 999 |
_c34607 _d34607 |
||